| 000 | 00638nam a2200229 a 4500 | ||
|---|---|---|---|
| 001 | BRCA_7242 | ||
| 005 | 20190320205751.0 | ||
| 008 | 240112s19281906gw-a######---#000-0#ger-# | ||
| 041 | _ager | ||
| 044 | _agw | ||
| 050 | 4 |
_aNC1763 .M8 _b.F32 1908 |
|
| 100 | 1 |
_aFuchs, Eduard _d1870-1940 _917945 |
|
| 245 | 1 | 0 |
_aDie Frau in der Karikatur _cEduard Fuchs. |
| 260 |
_aMunchen _bA. Langen _c1928, c1906 |
||
| 300 |
_ax, 487 p. _bil. (algunas a color), 71 láminas _c28 cm. |
||
| 500 | _aP148 | ||
| 650 | 1 | 4 |
_aCaricaturas _912867 |
| 650 | 1 | 4 |
_aMujeres _vRetratos _917946 |
| 650 | 1 | 4 |
_aMujeres en el arte _91575 |
| 902 | _aGFM | ||
| 942 |
_2lcc _cB |
||
| 999 |
_c6923 _d6923 |
||